000 01801nam a2200409 i 4500
001 198413
003 ES-MaACL
005 20260601173720.0
007 ta
008 260601s1956 sp a|||| |||| 001 1 spa d
040 _aES-MaACL
_bspa
_cES-MaACL
_erda
080 _a82"18/19"(082.2)
100 1 _aChurchill, Winston,
_cSir,
_d1874-1965
_4aut
_938708
_eaut
245 1 0 _aWinston S. Churchill, Paul Heyse, Eugene O'Neill, Pär Lagerkvist, Sigrid Undset, Romain Rolland
264 1 _aBarcelona :
_bJosé Janés Editor,
_c1956
300 _a1914 páginas y 6 hojas sin numerar :
_bretratos (blanco y negro) ;
_c18 cm
336 _2rdacontent
_aTexto
337 _2rdamedia
_asin mediación
338 _2rdacarrier
_avolumen
490 0 _aLos premios Nobel de literatura ;
_v4
500 _aRegistro provisional
500 _aÍndice
505 0 _aGrandes contemporáneos / Winston S. Churchill -- El nacimiento de Venus / Paul Heyse -- El emperador Jones ; Antes del desayuno / Eugene O'Neill -- Barrabás / Pär Lagerkvist -- Kristina Lavransdatter / Sigrid Undset -- Goethe y Beethoven ; Miguel Angel / Romain Rolland
546 _aTraducido del francés, inglés, sueco, noruego y alemán
650 4 _aLiteratura-
_yS.XIX
_9160173
650 4 _aLiteratura-
_yS.XX
_914497
700 1 _aHeyse, Paul
_4aut
_9127964
_eaut
700 1 _aO'Neill, Eugene
_4aut
_986353
_eaut
700 1 _aLagerkvist, Pär
_4aut
_969570
_eaut
700 1 _aUndset, Sigrid
_9112002
_4aut
_eaut
700 1 _aRolland, Romain,
_d1866-1944
_9239240
_4aut
_eaut
852 _aES-MaACL
_cDES
_jDB-216
_hDonación: J. Porto
_xEncuadernación cartoné
_9207391
942 _cMONOGRAFIA
_n0
999 _c198413
_d198413